| 000 | 01440nam a2200337 a 4500 | ||
|---|---|---|---|
| 001 | ebr10677735 | ||
| 003 | CaPaEBR | ||
| 006 | m u | ||
| 007 | cr cn||||||||| | ||
| 008 | 130211s2013 njuad sb 001 0 eng d | ||
| 010 | _z 2012045560 | ||
| 020 | _z9781119954682 (cloth) | ||
| 020 | _z9781118329061 (e-book) | ||
| 040 |
_aCaPaEBR _cCaPaEBR |
||
| 035 | _a(OCoLC)827528948 | ||
| 050 | 1 | 4 |
_aBF241 _b.H33 2013eb |
| 082 | 0 | 4 |
_a152.14/2 _223 |
| 245 | 0 | 0 |
_aHandbook of experimental phenomenology _h[electronic resource] : _bvisual perception of shape, space and appearance / _cedited by Liliana Albertazzi. |
| 260 |
_aHoboken : _bWiley, _c2013. |
||
| 300 |
_axii, 545 p. : _bill. |
||
| 504 | _aIncludes bibliographical references and indexes. | ||
| 505 | 0 | _apt. I. Linking psychophysics and qualities -- pt. II. Qualities in space, time, and motion -- pt. III. Appearances -- pt. IV. Measurement and qualities. | |
| 533 |
_aElectronic reproduction. _bPalo Alto, Calif. : _cebrary, _d2013. _nAvailable via World Wide Web. _nAccess may be limited to ebrary affiliated libraries. |
||
| 650 | 0 | _aVisual perception. | |
| 650 | 0 | _aPsychophysics. | |
| 650 | 0 | _aPhenomenological psychology. | |
| 655 | 7 |
_aElectronic books. _2local |
|
| 700 | 1 | _aAlbertazzi, Liliana. | |
| 710 | 2 | _aebrary, Inc. | |
| 856 | 4 | 0 |
_uhttp://site.ebrary.com/lib/rucke/Doc?id=10677735 _zAn electronic book accessible through the World Wide Web; click to view |
| 999 |
_c59300 _d59300 |
||